Bridgetown Airport Destinations (Barbados) - Statistics

General Stats
  • This quiz has been taken 39 times
  • The average score is 21 of 29
Answer Stats
Country City % Correct
Netherlands Amsterdam
93%
Germany Frankfurt
93%
United States Miami
93%
United Kingdom London (Gatwick)
89%
United Kingdom London (Heathrow)
89%
Canada Toronto
89%
Guyana Georgetown (GEO)
85%
Guyana Georgetown (OGL)
85%
United States New York City (EWR)
85%
United States New York City (JFK)
85%
Panama Panama City
85%
Jamaica Kingston
81%
United States Washington
81%
United Kingdom Manchester
78%
Canada Montreal
78%
Antigua & Barbuda St. John's
78%
Trinidad & Tobago Port of Spain
74%
Saint Kitts & Nevis Saint Kitts
70%
Saint Vincent & the Grenadines Saint Vincent
70%
United States Boston
67%
Germany Düsseldorf
67%
Saint Lucia Saint Lucia (SLU)
67%
Saint Lucia Saint Lucia (UVF)
67%
Grenada Grenada
59%
United States Charlotte
56%
Dominica Dominica
56%
Trinidad & Tobago Tobago
52%
Netherlands (Overseas) Sint Maarten
37%
France (Overseas) Fort-de-France
33%
No matching quizzes found
Score Distribution
Percent of People with Each Score
Percentile by Number Answered
Your Score History
You have not taken this quiz